00465nam a2200133 a 450000500170000000800410001702000150005805000260007324500960009926000430019530000220023852100090026065000620026920140311163012.0060816s19uu xx 00 eng d a0333993233 aHF 5549.5b.In61 2005 aInternational Human Resource Management theory and practice /cedited by :Ozbilgin, Mustafa aNew York :bPalgrave Macmillan,c2005. a198 p. :c24 cm.  aBSBA aInternational business interprisesxPersonnel management.